Henri Pescarolo - Statistiques

Statistiques générales
  • Ce quiz a été pris 15 fois
  • Le résultat moyen est 6 sur 11
Statistiques - réponses
Hint Réponse % Correct
Naissance 25 sept 1942
100%
Année de cette édition 2005
80%
Surnom Pesca
80%
Pilote ayant couru pour lui Sébastien Loeb
60%
Team Pescarolo sport
50%
Coéquipier Gérard Larrousse
40%
Coéquipier Graham Hill
40%
Marque Porsche
40%
A égalité avec ... Yannick Dalmas
40%
Marque Courage
20%
Marque Matra Simca
20%
Aucun quiz correspondant
Distribution des résultats
% des personnes avec chaque résultat
Percentile par nombre de réponses
Votre historique - résultats
Vous n’avez pas pris ce quiz